UBT Library

Diagnostic microbiology: (Record no. 2351)

000 -LEADER
fixed length control field 00352nam a22001337a 4500
008 - FIXED-LENGTH DATA ELEMENTS--GENERAL INFORMATION
fixed length control field 160521b xxu||||| |||| 00| 0 eng d
020 ## - INTERNATIONAL STANDARD BOOK NUMBER
International Standard Book Number 9780323030656
020 ## - INTERNATIONAL STANDARD BOOK NUMBER
International Standard Book Number 9780323030656
020 ## - INTERNATIONAL STANDARD BOOK NUMBER
International Standard Book Number 0323030653
041 ## - LANGUAGE CODE
Language code of text/sound track or separate title eng
080 ## - UNIVERSAL DECIMAL CLASSIFICATION NUMBER
Universal Decimal Classification number 579
245 ## - TITLE STATEMENT
Title Diagnostic microbiology:
Statement of responsibility, etc Betty A. Forbes; Daniel F. Sahm; Alice S. Weissfeld;
942 ## - ADDED ENTRY ELEMENTS (KOHA)
Source of classification or shelving scheme
Item type Books
Holdings
Withdrawn status Lost status Source of classification or shelving scheme Damaged status Not for loan Collection code Permanent location Current location Shelving location Date acquired Total Checkouts Full call number Barcode Date last seen Price effective from Koha item type
          Koleksioni i përgjithshem UBT - Lipjan UBT - Lipjan Koleksioni i përgjithshem 05/21/2016   579 FOR 002-035687 05/21/2016 05/21/2016 Books
UBT Library © 2015-2024. All rights reserved University Education for Business and Technology